01319nab a22002057a 4500999001500000003000400015005001700019008004100036040000700077245015600084260007300240300001500313500003700328505043800365505008200803650002300885650003200908773016000940942001301100 c5653d5653OSt20251226124906.0190429b xxu||||| |||| 00| 0 spa d cPJ13aLa regulación legal del plazo razonable. Análisis de los plazos estructurales del nuevo Código Procesal Penal Federal /cJulieta Carolina Mateos. cCiudad Autónoma de Buenos Aires :aThomson Reuters La Ley, b2025. ap. 113-127 aCita: TR LALEY AR/DOC/1911/2025. aSumario: I. Introducción.— II. La centralidad del tiempo en el modelo acusatorio.— III. La garantía del plazo razonable: antecedentes y vacíos normativos.— IV. Principios fundamentales y claves de interpretación (arts. 18 y 114 del CPPF).— V. El plazo máximo de duración del proceso penal (art. 119 del CPPF).— VI. Los plazos de la etapa preparatoria (arts. 265 y 266 del CPPF).— VII. Consideraciones finales. tSi te interesa el texto completo, solicitalo a koha@justierradelfuego.gov.ar  09343aDERECHO PENAL 092500aCODIGO PROCESAL PENAL0 0265893164tRevista de derecho penal y criminología. Nº 8 - Septiembre 2025dCiudad Autónoma de Buenos Aires : Thomson Reuters La Ley, 2017-x00347914 2udccANA